000 00713nam a22001937a 4500
999 _c189403
_d189403
005 20220629101506.0
010 _aENG-133406
020 _a9789353163211
_c650.00
035 _aEN-116738
037 _bDBAD/PUB
082 _a000
100 _aTripathi, Snehil
245 _aAn Introduction to Madhya Pradesh:
_bGeneral Knowledge for MPPSC Exam-Prelim and Main and All Other State Competitive Exams/
_cSnehil Tripathi and Sonali Bansal
260 _aChennai
_bMcGraw Hill Education Private Limited
_c2019
270 _a444/1, Sri Ekambara Naicker Industrial Estate, Alapakkam, Porur
_bChennai
_e600116
300 _avp.
_c24cm(pbk)
700 _aBansal, Sonali
942 _2ddc
_cEN
_h000
_mTRI